[Event "Odessa-ch"]
[Site "Odessa"]
[Date "2000.??.??"]
[Round "?"]
[White "Bliumberg, Vladislav"]
[Black "Poplavsky, Mihail"]
[Result "1/2-1/2"]
[WhiteElo "2310"]
[BlackElo "2315"]
[PlyCount "38"]
[EventDate "2000.??.??"]
[EventType "tourn"]
[EventRounds "15"]
[EventCountry "UKR"]
[SourceTitle "EXT 2001"]
[Source "ChessBase"]
[SourceDate "2000.11.22"]
[SourceVersion "1"]
[SourceVersionDate "2000.11.22"]
[SourceQuality "1"]

1. e4 c6 2. d4 d5 3. e5 c5 4. dxc5 Nc6 5. Bf4 e6 6. Nf3 Bxc5 7. Bd3 Qb6 8. 0-0 Qxb2 9. Nbd2 Qb6 10. c4 Nge7 11. Rb1 Qc7 12. Bg3 Bd7 13. cxd5 Nxd5 14. Ne4 Be7 15. Nd6+ Bxd6 16. exd6 Qc8 17. Ne5 0-0 18. Qh5 f5 19. Rfc1 a6 1/2-1/2